000 00272nam a2200121Ia 4500
008 190216s9999||||xx |||||||||||||| ||und||
100 _aSantapu H
245 0 _aCommon Trees
260 _bNational Book Trust India
_c1966
300 _a142p
650 _aBotany
942 _cBK
999 _c1036
_d1036